000 00311nam a2200133Ia 4500
008 100328s9999 xx 000 0 und d
082 _b1089
100 _aWodehouse P.G.
245 _aNothing Serious
260 _bHerhert Jenkins
630 _aNothing Serious
730 _aNothing Serious
942 _cBOOK
999 _c497385
_d497382